000 01248nam a22004097a 4500
001 0043126
003 KOHA_MİRAKIL
005 20260207003337.0
007 ta
008 130730b2012 tu |||gr||||#||||0|tur |
020 _a9786055426163
040 _aTR-BiSEU
_btur
_cTR-BiSEU
_erda
041 0 _atur
044 _ctu
050 _aBE1853
_b.A98 2012
100 1 _aAytürk, Nihat.
245 1 _aProtokol bilgisi :
_bsosyal hayatta ve iş ortamında protokol ve davranış kuralları/
_cNihat Aytürk ; Nihat Aytürk.
250 _ageliş. 2. bs.
264 1 _aAnkara :
_bNobel Akademik Yayıncılık
_c2012
300 _ax, 266 s. ;
_c24 cm.
336 _ametin
_btxt
_2rdacontent
337 _aaracısız
_bn
_2rdamedia
338 _acilt
_bnc
_2rdacarrier
490 1 _aNobel Akademik yayınları ;
_vNo.
490 1 _a17.
490 1 _aİktisadi - idari bilimler dizi ;
_vNo.
490 1 _a5
500 _aDizin var.
500 _aKaynakça var.
650 0 _aGörgü kuralları.
_932244
650 0 _aDiplomatik protokol.
_933516
830 1 _aNobel Akademik yayınları ;
_vNo.
_980268
830 1 _a17.
_97095
830 1 _aİktisadi - idari bilimler dizi ;
_vNo.
_980269
830 1 _a5
_98319
942 _2lcc
_cBK
999 _c42947
_d42947